Jugosławia - prawda czy fałsz? - Statystyki

Ogólne statystyki
  • Ten quiz został rozwiązany 43 razy
  • Średni wynik to 14 z 20
Statystyki odpowiedzi
Zagadnienie Odpowiedź % Poprawnych
Jugosławia obejmowała łącznie 7 dzisiejszych państw Prawda
92%
Najbardziej rozpoznawalnym przywódcą Jugosławii jest Josip Broz-Tito Prawda
92%
Stolicą Jugosławii był Belgrad Prawda
92%
Josip Broz-Tito był bardzo popularny w Jugosławii Prawda
92%
Albania była częścią Jugosławii Fałsz
89%
W Jugosławii nigdy nie odbyły się Igrzyska Olimpijskie Fałsz
81%
Miasto Podgorica kiedyś nazywało się Titograd, na cześć powyższego przywódcy Prawda
78%
Jugosławię utworzono po I wojnie światowej Prawda
78%
Macedonia Północna była pierwszym państwem, które odłączyło się od Jugosławii Fałsz
75%
Początek końca istnienia Jugosławii wyznaczyła wojna domowa, która wybuchła w 1992 Prawda
75%
Hymn Jugosławii melodią i układem słów przypominał Mazurek Dąbrowskiego Prawda
72%
Jugosławię utworzono, przyłączając do Serbii m.in. część Austro-Węgier Prawda
72%
Jugosławia była krajem satelickim ZSRR Fałsz
69%
Wojna obronna Jugosławii w 1941 trwała zaledwie 11 dni Prawda
69%
Podczas II wojny światowej polska partyzantka była uważana za silniejszą od tej jugosławiańskiej Fałsz
58%
Po II wojnie światowej Jugosławia przyjęła tzw. Plan Marshalla Fałsz
58%
Ostatnim etapem rozpadu Jugosławii było odłączenie się Kosowa od Serbii w 2008 roku Prawda
56%
Dużą rolę w wyzwoleniu Jugosławii spod okupacji niemieckiej podczas II wojny światowej odegrała Armia Czerwona Fałsz
42%
Pełna nazwa Jugosławii w latach 1918-29 to Królestwo Serbów, Chorwatów i Bośniaków Fałsz
39%
Jugosławia graniczyła z 6 państwami Fałsz
33%
Nie znaleziono quizów pasujących do podanych kryteriów
Rozkład punktacji
Procent ludzi z każdym wynikiem
Percentyl według liczby udzielonych odpowiedzi
Twoja historia wyników
Nie rozwiązałeś tego quizu